Canalización del Manzanares, Jarama, y Tajo para la navegación entre Madrid y Lisboa: saneamiento de Madrid y ensanche norte / (Record no. 106875)

MARC details
000 -LEADER
campo de control de longitud fija 00474nam a2200145 4500
001 - NÚMERO DE CONTROL
campo de control 106875
003 - IDENTIFICADOR DE NÚMERO DE CONTROL
campo de control ES-MaACL
005 - FECHA Y HORA DE LA ÚLTIMA TRANSACCIÓN
campo de control 20230906184311.0
007 - CAMPO FIJO DE DESCRIPCIÓN FÍSICA--INFORMACIÓN GENERAL
campo de control de longitud fija t|
008 - DATOS DE LONGITUD FIJA--INFORMACIÓN GENERAL
campo de control de longitud fija 061121s1909 sp r ||||1| spa d
100 1# - ENTRADA PRINCIPAL--NOMBRE DE PERSONA
Nombre de persona Mora, Felipe.
9 (RLIN) 82854
245 10 - MENCIÓN DEL TÍTULO
Título Canalización del Manzanares, Jarama, y Tajo para la navegación entre Madrid y Lisboa: saneamiento de Madrid y ensanche norte /
Mención de responsabilidad, etc. Felipe Mora.
260 ## - PUBLICACIÓN, DISTRIBUCIÓN, ETC.
Lugar de publicación, distribución, etc. Madrid :
Nombre del editor, distribuidor, etc. R.Velasco,
Fecha de publicación, distribución, etc. 1909.
852 ## - LOCALIZACIÓN
Ubicación ES-MaACL
Número de control de estantería T-1169-F-7
Holdings
Estatus retirado Estado de pérdida Estado de daño No para préstamo Colección Biblioteca de origen Biblioteca actual Ubicación en estantería Fecha de adquisición Fuente de adquisición Total de préstamos Signatura topográfica completa Código de barras Visto por última vez Precio de reemplazo Tipo de ítem Koha
        Colección de folletos Biblioteca del Ateneo de Madrid Biblioteca del Ateneo de Madrid Depósito folletos 17/01/2008     T-1169-F-7 1111556 23/02/2023 23/02/2023 Folleto